000 00974nam a2200253Ia 4500
003 OSt
005 20220923212200.0
006 a|||||r|||| 00| 0
007 ta
008 220922b |||||||| |||| 00| 0 hin d
024 _a151,455
037 _cTextual
040 _aARTS
_cARTS
_bhin
041 _2hin
_ahin
082 _aDelta:8xM61, 152L7
100 _aचौधरी, अमिताभ; म0 ना0 भारतीभक्त
_9162276
245 0 _aरवीन्द्रनाथ की परलोक चर्चा
246 _aRavīndranāth kī paralok charchā
260 _aदिल्ली
_b राजकमल प्रकाशन
_c1977
300 _a134 पृ.
_ccm.
650 _aआध्यात्मिक अनुभव और रहस्यवाद
942 _hDelta:8xM61, 152L7
_cTEXL
_2CC
999 _c307128
_d307128